Most Guessed Asian Countries on JetPunk - Statistics

General Stats
  • This quiz has been taken 99,462 times
    53,359 since last reset
  • The average score is 9 of 10
Answer Stats
% Guessed Country % Correct
99% China
100%
97% Japan
98%
97% India
97%
95% South Korea
92%
92% Indonesia
85%
95% North Korea
84%
92% Iran
80%
91% Pakistan
80%
91% Iraq
76%
91% Mongolia
69%
No matching quizzes found
Score Distribution
Percent of People with Each Score
Percentile by Number Answered
Your Score History
You have not taken this quiz since the last reset